• 首页
  • 本馆介绍
  • 公告通知
  • 最新文献
  • 馆藏检索
  • 电子资源
  • 读者导购
  • 参考咨询
  • 我的图书馆
  • 登录
  • 详细信息显示
  • 放入我的书架
  • 预约/预借图书
  • 作者相关作品
  • 分类相关作品
  • 丛书相关作品
  • 出版社相关作品

书目信息

  • 表格格式
  • 工作单格式
  • 卡片格式
题名:
苗启明学术文选
    
 
作者: 苗启明 著
分册:  
出版信息: 昆明   云南大学出版社  2014
页数: 326页
开本: 24cm
丛书名: 云南文库·学术名家文丛
单 册:
中图分类: B089.3 , B0-0
科图分类:
主题词: 马克思主义哲学--哲学人类学--研究
电子资源:
ISBN: 978-7-5482-1622-3
000 00986oam2 2200265 450
001 012001003204
005 20140926114740.0
010    @a978-7-5482-1622-3@dCNY64.00
100    @a20151104d2014 em y0chiy50 ea
101 0  @achi
102    @aCN@b530000
105    @aa z 000yy
106    @ar
200 1  @a苗启明学术文选@9miao qi ming xue shu wen xuan@b专著@f苗启明著
210    @a昆明@c云南大学出版社@c云南人民出版社@d2014
215    @a326页@c照片@d24cm
225 1  @a云南文库·学术名家文丛@f张瑞才主编
330    @a本书选录了作者的部分学术文章,包括《西方哲学的人类学转向马克思对人类学——哲学的开创》、《马克思“新唯物主义”的哲学视野:人类学——哲学视野》、《马克思的哲学革命:超越形而上学,转向人类学世界》等。
461  0 @12001 @a云南文库·学术名家文丛
606 0  @a马克思主义哲学@x哲学人类学@x研究
690    @aB089.3@v5
690    @aB0-0@v5
701  0 @a苗启明@9miao qi ming@f(1939~)@4著
801  0 @aCN@b上海新华@c20180901
905    @b1159217-21@dB089.3@e103@f5
    
    苗启明学术文选/苗启明著.-昆明:云南大学出版社:云南人民出版社,2014
    326页:照片;24cm.-(云南文库·学术名家文丛/张瑞才主编)
    
    
    ISBN 978-7-5482-1622-3:CNY64.00
    本书选录了作者的部分学术文章,包括《西方哲学的人类学转向马克思对人类学——哲学的开创》、《马克思“新唯物主义”的哲学视野:人类学——哲学视野》、《马克思的哲学革命:超越形而上学,转向人类学世界》等。
●
相关链接 在E读中查询图书 在五车中查询图书 在当当中查询图书 在豆瓣中查询图书


正题名:苗启明学术文选     索取号:B089.3/103         预约/预借

序号 登录号 条形码 馆藏地/架位号 状态 备注
1 1159217   211592178   第一样本阅览室/ [索取号:B089.3/103] 在馆    
2 1159218   211592187   第一借阅区/ [索取号:B089.3/103] 在馆    
3 1159219   211592196   第一借阅区/ [索取号:B089.3/103] 在馆    
4 1159220   211592203   第一借阅区/ [索取号:B089.3/103] 在馆    
5 1159221   211592212   第一借阅区/ [索取号:B089.3/103] 在馆    
唐山师范学院图书馆 欢迎您!
大连网信软件有限公司© 版权所有